000
00278 a2200121 4500
001
57499
082
_a
305.805491 GAN
090
_c
35229
_d
35229
100
_a
Ganko Fiski
245
_a
Pakistan ki qaomiyattin
260
_a
Lahore
_b
Fiction House
_c
2000
300
_a
219p
942
_a
NUST-CAE
_k
305.805491 GAN
999
_c
292572
_d
292572